000 00375nam a2200133 a 4500
001 000031945
005 20200930063313.0
008 110707s19uu dr 000 0 spa d
040 _aDO-SdBNP
_bspa
_cBNPHU
245 0 0 _aRitual para celebraciones de la palabra.
260 _aSanto Domingo :
_bImprenta Amigo del Hogar,
_c[19--?].
300 _a27 p. ;
_c22 cm.
049 _aBNPD
999 _c31436
_d31436